[Event "DVM u16 2005"]
[Site "Berlin"]
[Date "2005.12.28"]
[Round "3.1"]
[White "Bracker, Frank"]
[Black "Huschenbeth, Niclas"]
[Result "0-1"]
[WhiteElo "1964"]
[BlackElo "2272"]
[PlyCount "89"]
[EventDate "1905.??.??"]

1. e4 e5 2. Nf3 Nc6 3. Bb5 a6 4. Ba4 Nf6 5. O-O Be7 6. Re1 b5 7. Bb3 O-O 8. h3
Bb7 9. d3 d6 10. a3 Na5 11. Ba2 c5 12. Nbd2 Nc6 13. Nf1 Qc7 14. Ne3 Rfe8 15.
Nh2 Bc8 16. Nhg4 Be6 17. Nd5 Nxd5 18. Nh6+ gxh6 19. exd5 Bf5 20. dxc6 Qxc6 21.
Bxh6 c4 22. dxc4 bxc4 23. b3 Kh8 24. bxc4 Rg8 25. Qd5 Qxd5 26. cxd5 Bxh3 27. g3
Bf5 28. c4 Rg6 29. Bd2 Rc8 30. Rec1 Rg4 31. Bb1 Bd7 32. Ba2 Bf5 33. Bb1 e4 34.
Bc3+ Kg8 35. Ba2 h5 36. Kf1 h4 37. gxh4 Rxh4 38. Bd4 e3 39. Bxe3 Bf6 40. Ke2
Bxa1 41. Rxa1 Be4 42. Bg5 Rh3 43. Be7 Rb8 44. f3 Bxf3+ 45. Ke3 0-1

[Event "DVM u16 2005"]
[Site "Berlin"]
[Date "2005.12.28"]
[Round "3.2"]
[White "Moshtael, Wesal"]
[Black "Held, Florian"]
[Result "1-0"]
[WhiteElo "1966"]
[BlackElo "1981"]
[PlyCount "63"]
[EventDate "1905.??.??"]

1. Nf3 Nf6 2. g3 g6 3. Bg2 Bg7 4. O-O O-O 5. d4 d6 6. c4 Nbd7 7. Nc3 e5 8. e4
exd4 9. Nxd4 Re8 10. h3 a6 11. Re1 Rb8 12. Rb1 Ne5 13. b3 c5 14. Nc2 Be6 15.
Ne3 h5 16. Bb2 Qd7 17. Kh2 h4 18. g4 Bh6 19. Bc1 Kh7 20. Ned5 Bxd5 21. Bxh6
Nexg4+ 22. hxg4 Nxg4+ 23. Kg1 Nxh6 24. Nxd5 Kg7 25. Qf3 Ng4 26. Bh3 f5 27. Bxg4
fxg4 28. Qf6+ Kh7 29. Qxh4+ Kg7 30. Qf6+ Kh7 31. Kg2 Re5 32. Qxe5 1-0

[Event "DVM u16 2005"]
[Site "Berlin"]
[Date "2005.12.28"]
[Round "3.3"]
[White "Bracker, Arne"]
[Black "Schmidt, Armin"]
[Result "1-0"]
[WhiteElo "1905"]
[BlackElo "1910"]
[PlyCount "89"]
[EventDate "1905.??.??"]

1. e4 c6 2. d4 d5 3. Nd2 dxe4 4. Nxe4 Nd7 5. Ng5 Ngf6 6. Bd3 e6 7. N1f3 h6 8.
Nxe6 Qe7 9. O-O fxe6 10. Bg6+ Kd8 11. c4 Qb4 12. Qe2 Be7 13. Bf4 Nf8 14. Bd3
Bd7 15. a3 Qa4 16. b3 Qa6 17. Ne5 Be8 18. c5 b5 19. a4 Qb7 20. axb5 cxb5 21. c6
Bxc6 22. Nf7+ Ke8 23. Nxh8 Bxg2 24. Bxb5+ N8d7 25. Rfc1 Bf3 26. Bxd7+ Kxd7 27.
Qe5 Nd5 28. Ng6 Bh1 {(=)} 29. Bg3 Nc3 30. d5 Nxd5 31. Nxe7 Nc3 32. Qc7+ Qxc7
33. Bxc7 Ne2+ 34. Kxh1 Nxc1 35. Rxc1 Kxe7 36. Bg3 Kf6 37. Rc7 g5 38. h3 h5 39.
Rb7 a5 40. Rb5 a4 41. b4 a3 42. Be5+ Kf5 43. Ba1+ Kf4 44. Ra5 Rb8 45. Be5+ 1-0

[Event "DVM u16 2005"]
[Site "Berlin"]
[Date "2005.12.28"]
[Round "3.4"]
[White "Wenzel, Birger"]
[Black "Meise, Leonard"]
[Result "0-1"]
[WhiteElo "1672"]
[BlackElo "1862"]
[PlyCount "114"]
[EventDate "1905.??.??"]

1. Nf3 d5 2. g3 Nf6 3. Bg2 c6 4. O-O Nbd7 5. d4 g6 6. Nbd2 Bg7 7. c4 O-O 8. Qc2
Re8 9. e4 Nxe4 10. Nxe4 dxe4 11. Qxe4 e5 12. dxe5 Nxe5 13. Nxe5 Rxe5 14. Qf3
Be6 15. Rd1 Qc8 16. Bf4 Bg4 17. Qd3 Re7 18. f3 Bf5 19. Qd2 Rd7 20. Qe2 Qd8 21.
Rxd7 Qxd7 22. Rd1 Bd4+ 23. Kh1 c5 24. g4 Re8 25. Qd2 Be6 26. b3 b5 27. cxb5
Qxb5 28. Re1 Rd8 29. Qe2 Qb4 30. Bd2 Qa3 31. Bc1 Qa5 32. Bg5 Re8 33. Qd2 Bc3
34. Rxe6 Rxe6 35. Qd3 Bd4 36. Bd2 Qxa2 37. f4 Qa6 38. Qf3 Qc8 39. f5 Rf6 40.
Bg5 Ra6 41. h4 Be5 42. Bf4 Ra1+ 43. Kh2 Qb8 44. Bxe5 Qxe5+ 45. Kh3 Re1 46. Qa8+
Qe8 47. Qxe8+ Rxe8 48. Bd5 Kg7 49. fxg6 hxg6 50. Kg3 Rh8 51. Bc4 Kf6 52. g5+
Ke7 53. Kg4 Rh7 54. Bd5 Kd6 55. Be4 Ke5 56. Bd3 Kd4 57. Bc4 a5 0-1

[Event "DVM u16 2005"]
[Site "Berlin"]
[Date "2005.12.28"]
[Round "3.1"]
[White "Kanevski, Vladyslav"]
[Black "Knickel, Aaron"]
[Result "0-1"]
[WhiteElo "1728"]
[BlackElo "1918"]
[PlyCount "92"]
[EventDate "1905.??.??"]

1. d4 Nf6 2. Nf3 d6 3. Bf4 g6 4. e3 Bg7 5. h3 O-O 6. Bc4 c5 7. c3 Nc6 8. O-O
cxd4 9. exd4 d5 10. Bd3 a6 11. Nbd2 Bd7 12. Re1 e6 13. Ne5 Rc8 14. Ndf3 Na5 15.
Nxd7 Nxd7 16. Qe2 Nb6 17. h4 Nac4 18. h5 Bf6 19. hxg6 hxg6 20. Ne5 Nxe5 21.
Bxe5 Nc4 22. Bxf6 Qxf6 23. Rab1 Kg7 24. g3 b5 25. Kg2 b4 26. Rec1 bxc3 27. bxc3
Qe7 28. Bxc4 Rxc4 29. Qe5+ Qf6 30. Qxf6+ Kxf6 31. Rb3 Rfc8 32. Ra3 Rxd4 33.
Rxa6 Rdc4 34. Rd1 R8c5 35. Ra7 Rxc3 36. Rb1 Rc7 37. Ra8 Rc2 38. Rb3 R2c3 39.
Rb4 e5 40. Rb5 R3c5 41. Rb6+ Kf5 42. Raa6 d4 43. Rd6 Ke4 44. a4 d3 45. Rab6 Rd5
46. a5 d2 0-1

[Event "DVM u16 2005"]
[Site "Berlin"]
[Date "2005.12.28"]
[Round "3.2"]
[White "Weber, Max"]
[Black "Steinbach, Ulrich"]
[Result "1-0"]
[WhiteElo "1885"]
[BlackElo "1673"]
[PlyCount "119"]
[EventDate "1905.??.??"]

1. b3 Nc6 2. Bb2 e5 3. e3 Bb4 4. f4 f6 5. fxe5 fxe5 6. Qg4 Nge7 7. Qxg7 Ng6 8.
Qh6 d6 9. Bd3 Qf6 10. Nc3 Bxc3 11. Bxc3 Bg4 12. Ne2 Rf8 13. O-O-O O-O-O 14. h3
Bf5 15. Rhf1 Qe6 16. e4 Nf4 17. Qxe6+ Bxe6 18. Nxf4 exf4 19. Rf2 Rf7 20. Rdf1
Rdf8 21. Be2 Ne5 22. d4 f3 23. gxf3 Ng6 24. Bd2 Bxh3 25. Rg1 Nf4 26. Bxf4 Rxf4
27. Rh2 Be6 28. Rxh7 d5 29. Rgg7 R8f7 30. Rxf7 Bxf7 31. Kd2 dxe4 32. Ke3 exf3
33. Kxf4 fxe2 34. Rh1 Bh5 35. Ke3 Bg4 36. Kf2 Kd7 37. Rg1 Bf5 38. Kxe2 Bxc2 39.
Kd2 Be4 40. Rg5 Kc6 41. Kc3 a6 42. Kc4 b5+ 43. Kb4 Kb6 44. a3 c6 45. Kc3 Bf3
46. b4 Be4 47. Rg7 Bf3 48. Kd3 Bd5 49. Ke3 a5 50. Kf4 axb4 51. axb4 Bc4 52. Ke5
Bd5 {(=)} 53. Kd6 Bf3 54. Kd7 Kb7 55. Kd8+ Kb6 56. Kc8 c5 57. Rg6+ Ka7 58. dxc5
Be4 59. Rg1 Bb7+ 60. Kc7 1-0

[Event "DVM u16 2005"]
[Site "Berlin"]
[Date "2005.12.28"]
[Round "3.3"]
[White "Khorolinsky, Juliyan"]
[Black "Seifert, Christopher"]
[Result "0-1"]
[WhiteElo "1677"]
[BlackElo "1809"]
[PlyCount "48"]
[EventDate "1905.??.??"]

1. e4 c5 2. Nf3 e6 3. d4 cxd4 4. Nxd4 Nf6 5. Nc3 Nc6 6. Be2 Bb4 7. Bf4 Nxe4 8.
O-O Nxc3 9. bxc3 Be7 10. Nb5 e5 11. Bg3 d6 12. f4 O-O 13. Rf3 a6 14. Na3 e4 15.
Re3 d5 16. c4 d4 17. Rb3 Na5 18. Rab1 Nxb3 19. Rxb3 Bc5 20. Nb1 d3+ 21. Kf1
dxe2+ 22. Qxe2 Qd4 23. Ke1 Rd8 24. Nd2 Bg4 0-1

[Event "DVM u16 2005"]
[Site "Berlin"]
[Date "2005.12.28"]
[Round "3.4"]
[White "Hummel, Dennis"]
[Black "Musiol, Lukas"]
[Result "1-0"]
[WhiteElo "1548"]
[BlackElo "1498"]
[PlyCount "111"]
[EventDate "1905.??.??"]

1. e3 d5 2. Nf3 Bg4 3. h3 Bh5 4. c4 Nf6 5. Nc3 Nc6 6. d4 e5 7. dxe5 Nxe5 8.
Qa4+ Nc6 9. Nd4 Qd7 10. cxd5 Nxd4 11. Qxd4 c6 12. dxc6 Qxd4 13. exd4 bxc6 14.
g4 Bg6 15. Bg2 Kd7 16. O-O Bb4 17. Bd2 Rab8 18. Rac1 Rhc8 19. a3 Ba5 20. b4 Bb6
21. Bf4 Bc7 22. Bxc7 Rxc7 23. d5 cxd5 24. Nxd5 Nxd5 25. Bxd5 a5 26. f4 Rxc1 27.
Rxc1 Kd6 28. Bf3 f5 29. bxa5 Rb3 30. Kg2 Rxa3 31. gxf5 Bxf5 32. Rd1+ Ke6 33.
Re1+ Kd6 34. Re5 g6 35. Bg4 Bxg4 36. hxg4 Kc6 37. Re7 h5 38. Re6+ Kd7 39. Rxg6
hxg4 40. Rg5 Ra4 41. Kg3 Ke6 42. Kxg4 Kf6 43. Rb5 Ke7 44. Kg5 Ra1 45. f5 Rg1+
46. Kf4 Ra1 47. Ke5 Kd7 48. Kf6 Kc6 49. Re5 Kd6 50. Re6+ Kd7 51. a6 Kd8 52. Kf7
Kc8 53. Ke7 Rd1 54. f6 Rd7+ 55. Kf8 Rd1 56. f7 1-0

[Event "DVM u16 2005"]
[Site "Berlin"]
[Date "2005.12.28"]
[Round "3.1"]
[White "Günnigmann, Manuel"]
[Black "Zeldin, Leonid"]
[Result "1-0"]
[WhiteElo "1824"]
[BlackElo "1849"]
[PlyCount "63"]
[EventDate "1905.??.??"]

1. e4 c5 2. Nf3 d6 3. d4 cxd4 4. Nxd4 Nf6 5. Nc3 g6 6. f3 Bg7 7. Be3 O-O 8. Qd2
Nc6 9. Bc4 Bd7 10. Bb3 Rc8 11. O-O-O Ne5 12. h4 Nc4 13. Bxc4 Rxc4 14. h5 b5 15.
hxg6 fxg6 16. e5 b4 17. exf6 bxc3 18. Qe2 cxb2+ 19. Kb1 Rxd4 20. Bxd4 Bxf6 21.
Qc4+ Kg7 22. Be3 Kh8 23. Rxh7+ Kxh7 24. Rh1+ Bh4 25. Rxh4+ Kg7 26. Bh6+ Kf6 27.
Qd4+ Kf7 28. Qg7+ Ke6 29. Qxf8 Qa5 30. Qg8+ Kf6 31. Qg7+ Kf5 32. Rh5+ 1-0

[Event "DVM u16 2005"]
[Site "Berlin"]
[Date "2005.12.28"]
[Round "3.2"]
[White "Heyden, Jonas"]
[Black "Seemann, Semjon"]
[Result "1/2-1/2"]
[WhiteElo "1920"]
[BlackElo "1844"]
[PlyCount "77"]
[EventDate "1905.??.??"]

1. e4 c5 2. Nf3 Nc6 3. d4 cxd4 4. Nxd4 Nf6 5. Nc3 e5 6. Ndb5 d6 7. Bg5 a6 8.
Na3 b5 9. Nd5 Be7 10. Bxf6 Bxf6 11. c3 Ne7 12. Nxe7 Bxe7 13. Qd3 Bb7 14. Rd1
O-O 15. g3 f5 16. Bg2 Qb6 17. O-O d5 18. exf5 e4 19. Qe3 Qxe3 20. fxe3 Bxa3 21.
bxa3 Rac8 22. Rc1 Rc4 23. Bh3 Ra4 24. g4 h6 25. Rf2 Rxa3 26. Kg2 d4 27. cxd4
Rxe3 28. Rc7 Bd5 29. Rd7 Bc4 30. Rf4 Re2+ 31. Rf2 Re3 32. Rf4 Re8 33. f6 Re2+
34. Kg1 Re1+ 35. Kg2 gxf6 36. Rxf6 e3 37. Rg6+ Kf8 38. Rf6+ Kg8 39. Rg6+
1/2-1/2

[Event "DVM u16 2005"]
[Site "Berlin"]
[Date "2005.12.28"]
[Round "3.3"]
[White "Catrais, Michael"]
[Black "Luft, Dennis"]
[Result "0-1"]
[WhiteElo "1635"]
[BlackElo "1837"]
[PlyCount "38"]
[EventDate "1905.??.??"]

1. e4 e5 2. f4 d5 3. exd5 exf4 4. Nf3 Nf6 5. Bb5+ c6 6. dxc6 bxc6 7. Bc4 Bg4 8.
Bxf7+ Kxf7 9. Ne5+ Kg8 10. Nxg4 Bc5 11. Nxf6+ Qxf6 12. Qf3 Nd7 13. Nc3 Ne5 14.
Qe4 Qh4+ 15. g3 Qh5 16. Ne2 f3 17. Nf4 f2+ 18. Kf1 Qd1+ 19. Kg2 Qxh1+ 0-1

[Event "DVM u16 2005"]
[Site "Berlin"]
[Date "2005.12.28"]
[Round "3.4"]
[White "Strathoff, Jens"]
[Black "Günnigmann, Laura"]
[Result "1/2-1/2"]
[WhiteElo "1838"]
[BlackElo "1490"]
[PlyCount "148"]
[EventDate "1905.??.??"]

1. e4 d5 2. exd5 Qxd5 3. Nc3 Qa5 4. d4 Nf6 5. Nf3 c6 6. Bc4 Bf5 7. O-O e6 8.
Bd2 Qc7 9. Re1 Be7 10. Bb3 O-O 11. Qe2 Re8 12. h3 Nbd7 13. Nh4 Bg6 14. Nxg6
hxg6 15. Ne4 c5 16. Ng5 Bd6 17. Qd3 Bf4 18. Bxf4 Qxf4 19. Ne4 cxd4 20. Qxd4
Nxe4 21. Rxe4 Qc7 22. Qe3 Qc5 23. Qe2 Rac8 24. Re1 Nf6 25. Re5 Qc6 26. c3 Rcd8
27. Qe3 b6 28. Qf4 Qc7 29. Qf3 Re7 30. R5e2 Red7 31. Qe3 Nd5 32. Bxd5 Rxd5 33.
g3 Qd6 {(=)} 34. a3 Rd3 35. Qe5 Qxe5 36. Rxe5 Rd2 37. R1e2 Rxe2 38. Rxe2 Kf8
39. Kg2 Rd3 40. f3 Ke7 41. Kf2 Kd6 42. Rc2 Rd1 43. Ke2 Rg1 44. Rd2+ Ke7 45. Kf2
Rh1 46. h4 Rh2+ 47. Ke3 Rh1 48. f4 Rg1 49. Kf2 Rh1 50. Kf3 Re1 51. Re2 Rd1 52.
Ke4 Rd7 {(=)} 53. Re3 Rd2 54. b3 Ra2 55. a4 Rb2 56. c4 Rd2 57. Rd3 Rc2 58. Kd4
Rc1 59. a5 Rc2 60. axb6 axb6 61. b4 Kd6 62. Ra3 Rd2+ 63. Ke3 Rg2 64. Ra6 Rxg3+
65. Kd4 Kc6 66. c5 Kc7 67. cxb6+ Kb7 68. Ra7+ Kxb6 69. Rxf7 Rg4 70. Ke5 Rxh4
71. Rxg7 Rg4 72. Re7 Kb5 73. Rxe6 Kxb4 74. Rc6 Kb5 1/2-1/2

[Event "DVM u16 2005"]
[Site "Berlin"]
[Date "2005.12.28"]
[Round "3.1"]
[White "Babczyk, Adrian"]
[Black "Katte, Nicolas"]
[Result "1-0"]
[WhiteElo "1948"]
[BlackElo "1769"]
[PlyCount "45"]
[EventDate "1905.??.??"]

1. Nf3 Nf6 2. d4 g6 3. c4 Bg7 4. Nc3 d5 5. Bg5 Ne4 6. cxd5 Nxc3 7. bxc3 Qxd5 8.
e3 Bg4 9. Be2 Nc6 10. Bh4 O-O 11. O-O Qh5 12. Bg3 Qa5 13. Qb3 Rab8 14. h3 Be6
15. Bc4 Bxc4 16. Qxc4 e5 17. d5 Ne7 18. e4 Rfe8 19. Bxe5 Bxe5 20. Nxe5 Nxd5 21.
Nxf7 Kxf7 22. exd5 Re5 23. d6+ 1-0

[Event "DVM u16 2005"]
[Site "Berlin"]
[Date "2005.12.28"]
[Round "3.2"]
[White "Künitz, Michael"]
[Black "Strathoff, Martin"]
[Result "0-1"]
[WhiteElo "1699"]
[BlackElo "1945"]
[PlyCount "78"]
[EventDate "1905.??.??"]

1. d4 d5 2. c4 e6 3. Nc3 Nf6 4. Nf3 Be7 5. Bf4 O-O 6. h3 c6 7. e3 Nbd7 8. Bd3
dxc4 9. Bxc4 b5 10. Bd3 a6 11. O-O c5 12. Rc1 Bb7 13. dxc5 Nxc5 14. Be2 Qb6 15.
b4 Nce4 16. Nxe4 Nxe4 17. Qb3 Bf6 18. Be5 Nd2 19. Nxd2 Bxe5 20. Bf3 Rfd8 21.
Bxb7 Qxb7 22. Nf3 Bf6 23. Rfd1 h6 24. Rxd8+ Rxd8 25. Qc2 Qd5 26. a3 Qd3 27. Qa2
Ra8 28. Rc2 Qd1+ 29. Kh2 Rd8 30. Rc6 Rd3 31. Rxa6 Be5+ 32. Nxe5 Rd2 33. Qxd2
Qxd2 34. Kg3 Qd5 35. Nf3 Qb7 36. Ra5 Qb8+ 37. Kh4 f5 38. Nd4 g5+ 39. Kh5 Kh7
0-1

[Event "DVM u16 2005"]
[Site "Berlin"]
[Date "2005.12.28"]
[Round "3.3"]
[White "Tkachuk, Konstantyn"]
[Black "Welke, Vincent"]
[Result "1-0"]
[WhiteElo "1955"]
[BlackElo "1437"]
[PlyCount "101"]
[EventDate "1905.??.??"]

1. e4 c5 2. Nf3 e6 3. d4 cxd4 4. Nxd4 a6 5. Bd3 Bc5 6. Nb3 Ba7 7. c4 Nc6 8. O-O
d6 9. Nc3 Qh4 10. g3 Qh3 11. Be2 h5 12. Bf3 Nf6 13. Bg2 Qg4 14. Bf4 e5 15. Qxg4
hxg4 16. Bg5 Be6 17. Nd2 Kd7 18. b3 Rh5 19. Bxf6 gxf6 20. Rfd1 Rah8 21. Nf1 Nd4
22. Rd2 Nf3+ 23. Bxf3 gxf3 24. Rd3 Bh3 25. Rxf3 Bxf1 26. Kxf1 Rxh2 27. Ke2 Bd4
28. Rd1 Rh1 29. Rd2 Bxc3 30. Rxc3 Ke6 31. Rcd3 Rd8 32. c5 Ra1 33. Rxd6+ Rxd6
34. cxd6 Kd7 35. Kf3 Re1 36. Rd3 b5 37. Rd2 b4 38. Rd3 Ra1 39. Rd2 Re1 40. Rd5
Ra1 41. Ra5 Kxd6 42. Rxa6+ Kc5 43. Kg4 Kd4 44. Kf5 Kc3 45. f4 Rf1 46. Rxf6 Kb2
47. Rb6 exf4 48. gxf4 Kxa2 49. Rxb4 Rf3 50. Rb7 Rxb3 51. Rxb3 1-0

[Event "DVM u16 2005"]
[Site "Berlin"]
[Date "2005.12.28"]
[Round "3.1"]
[White "Lorenz, Nicole"]
[Black "Hirneise, Tobias"]
[Result "0-1"]
[WhiteElo "1609"]
[BlackElo "2149"]
[PlyCount "116"]
[EventDate "1905.??.??"]

1. e4 c5 2. Nf3 e6 3. d4 cxd4 4. Nxd4 a6 5. Nc3 Qc7 6. Be2 b5 7. a3 Nf6 8. O-O
Bb7 9. Bd3 b4 10. axb4 Bxb4 11. Bd2 Bxc3 12. Bxc3 Nxe4 13. Qg4 Nf6 14. Qh4 Nc6
15. Nf3 Qd8 16. Rfe1 Qe7 17. Ra4 Nd5 18. Qxe7+ Kxe7 19. Bxg7 Rhg8 20. Rg4 h5
21. Rg3 d6 22. Bh6 Ndb4 23. Nd2 Nxd3 24. cxd3 Nd4 25. Ne4 Bxe4 26. Rxe4 Nf5 27.
Rxg8 Rxg8 28. Be3 Rb8 29. b4 d5 30. Bc5+ Kd7 31. Re1 Kc6 32. Kf1 Ra8 33. d4 a5
34. bxa5 Rxa5 35. Rb1 Ra4 36. Rc1 Kb5 37. Ke2 Nxd4+ 38. Bxd4 Rxd4 39. Rc7 Re4+
40. Kd2 Rf4 41. Ke2 e5 42. Ke3 d4+ 43. Ke2 Kb6 44. Rc8 Rf5 45. Rc4 Rf6 46. Rc8
Rc6 47. Rh8 Kc5 48. Rxh5 Kd5 49. Rh7 Rc2+ 50. Ke1 f5 51. Rg7 d3 52. h4 Re2+ 53.
Kf1 Ra2 54. Ke1 f4 55. h5 e4 56. h6 e3 57. Rd7+ Kc4 58. Rc7+ Kb5 0-1

[Event "DVM u16 2005"]
[Site "Berlin"]
[Date "2005.12.28"]
[Round "3.2"]
[White "Hirneise, Jens"]
[Black "Schäfer, Erik"]
[Result "1-0"]
[WhiteElo "1902"]
[BlackElo "1770"]
[PlyCount "93"]
[EventDate "1905.??.??"]

1. e4 c5 2. Nf3 e6 3. d4 cxd4 4. Nxd4 a6 5. Nc3 Qc7 6. Bd3 Nf6 7. f4 d6 8. Be3
b5 9. a3 Bb7 10. g4 Be7 11. g5 Nfd7 12. f5 e5 13. Nde2 Nc5 14. b4 Nxd3+ 15.
cxd3 Qd8 16. Rg1 Nd7 17. Qb3 Nb6 18. g6 O-O 19. Ng3 Bg5 20. Nd1 d5 21. gxh7+
Kxh7 22. Qc2 dxe4 23. Nxe4 Bh4+ 24. Kf1 Bxe4 25. dxe4 Nc4 26. Qe2 Rh8 27. Nf2
a5 28. Nd3 axb4 29. Nxb4 Rxa3 30. Rxa3 Nxa3 31. Qg4 Bf6 32. Nd5 Nc2 33. Nxf6+
Qxf6 34. Bg5 Qc6 35. Bd2 Qc4+ 36. Kf2 Qd4+ 37. Ke2 Qc4+ 38. Kd1 Ne3+ 39. Bxe3
Rd8+ 40. Ke1 Qb4+ 41. Kf2 Qf8 42. f6 g6 43. Rg3 Qb4 44. Qh4+ Kg8 45. Qh6 Qf8
46. Rh3 Qxh6 47. Bxh6 1-0

[Event "DVM u16 2005"]
[Site "Berlin"]
[Date "2005.12.28"]
[Round "3.3"]
[White "Marsel, Patrick"]
[Black "Zeyher, Marius"]
[Result "0-1"]
[WhiteElo "1563"]
[BlackElo "1611"]
[PlyCount "60"]
[EventDate "1905.??.??"]

1. d4 Nf6 2. c4 g6 3. Nc3 Bg7 4. e4 d6 5. f3 O-O 6. Be3 e5 7. d5 c6 8. Nge2
cxd5 9. cxd5 a6 10. g4 h5 11. h3 Nbd7 12. Qd2 b5 13. b4 Nb6 14. Bg5 Nc4 15. Qc1
Qb6 16. Ng3 Kh7 17. a4 Bd7 18. axb5 axb5 19. Rxa8 Rxa8 20. h4 hxg4 21. h5 Kg8
22. hxg6 fxg6 23. Bxc4 bxc4 24. Bxf6 Bxf6 25. Rh6 Qg1+ 26. Nf1 gxf3 27. Rh2 f2+
28. Rxf2 Bh4 29. Nd1 Bh3 30. Qxc4 Bxf2+ 0-1

[Event "DVM u16 2005"]
[Site "Berlin"]
[Date "2005.12.28"]
[Round "3.4"]
[White "Belzner, Jonas"]
[Black "Förschner, Lucas"]
[Result "1-0"]
[WhiteElo "1582"]
[BlackElo "1583"]
[PlyCount "49"]
[EventDate "1905.??.??"]

1. d4 d5 2. Nf3 Nf6 3. e3 e6 4. Bd3 c5 5. b3 Nc6 6. O-O Bd7 7. Bb2 a6 8. Nbd2
b5 9. c4 dxc4 10. bxc4 b4 11. Nb3 cxd4 12. exd4 a5 13. Re1 Bd6 14. d5 Ne7 15.
c5 Bxh2+ 16. Nxh2 Nexd5 17. Ng4 h5 18. Ne5 Qc7 19. Nxd7 Qxd7 20. Rc1 Qa7 21.
Bb5+ Kf8 22. Be5 h4 23. Qf3 Rc8 24. Bd6+ Kg8 25. Nd2 1-0

[Event "DVM u16 2005"]
[Site "Berlin"]
[Date "2005.12.28"]
[Round "3.1"]
[White "Gebhardt, Martin"]
[Black "Lange, Jan-David"]
[Result "0-1"]
[WhiteElo "1746"]
[BlackElo "1913"]
[PlyCount "64"]
[EventDate "1905.??.??"]

1. e4 e6 2. d4 d5 3. Nc3 Bb4 4. e5 c5 5. a3 Bxc3+ 6. bxc3 Qc7 7. Qg4 f5 8. Qg3
cxd4 9. cxd4 Ne7 10. c3 Bd7 11. Be2 Nbc6 12. Nh3 O-O-O 13. Nf4 g5 14. Nh5 f4
15. Qd3 Nf5 16. Bg4 Nh6 17. Be2 Be8 18. Nf6 Bg6 19. Qh3 Nf5 20. Bh5 Nxe5 21.
dxe5 Qxe5+ 22. Be2 Qxf6 23. Bb2 h5 24. g3 g4 25. Qf1 f3 26. Bd3 Qe5+ 27. Kd2
Rd6 28. Qd1 d4 29. Re1 dxc3+ 30. Kc2 Qc5 31. Re4 Nd4+ 32. Rxd4 Rxd4 0-1

[Event "DVM u16 2005"]
[Site "Berlin"]
[Date "2005.12.28"]
[Round "3.3"]
[White "Nißler, Robert"]
[Black "Döring, Andreas"]
[Result "0-1"]
[WhiteElo "1401"]
[BlackElo "1693"]
[PlyCount "70"]
[EventDate "1905.??.??"]

1. e4 e6 2. d4 d5 3. Nd2 Nf6 4. e5 Nfd7 5. Bd3 c5 6. c3 Nc6 7. Ne2 cxd4 8. cxd4
Be7 9. Nf3 O-O 10. O-O Nb4 11. Bb1 f6 12. a3 Nc6 13. Qd3 f5 14. Ng3 Nb6 15. h3
a5 16. Nh2 a4 17. Ne2 Nc4 18. f4 b6 19. g4 Ba6 20. Qc2 b5 21. b4 axb3 22. Qxb3
Qb6 23. Nf3 N6a5 24. Qc2 b4 25. axb4 Bxb4 26. gxf5 exf5 27. Rf2 Rac8 28. Qd1
Be7 29. Nc3 Bb7 30. Na4 Qb4 31. Nd2 Ne3 32. Qe1 Bh4 33. Nc5 Bxf2+ 34. Kxf2 Qxd4
35. Qxe3 Qxa1 0-1

[Event "DVM u16 2005"]
[Site "Berlin"]
[Date "2005.12.28"]
[Round "3.4"]
[White "Jannes, Alexander"]
[Black "Senf, Carsten"]
[Result "1-0"]
[WhiteElo "1660"]
[BlackElo "1531"]
[PlyCount "45"]
[EventDate "1905.??.??"]

1. d4 e6 2. c4 Nf6 3. Nc3 Bb4 4. Qc2 c5 5. a3 Bxc3+ 6. bxc3 b6 7. e4 d6 8. Nf3
Bb7 9. Bd3 Qc7 10. d5 e5 11. O-O Nbd7 12. Re1 O-O 13. Bg5 h6 14. Bd2 Rfb8 15.
Nh4 Qd8 16. Nf5 Nf8 17. h4 Bc8 18. Qd1 Ng6 19. Qf3 Ne7 20. Nxh6+ gxh6 21. Qxf6
Nc6 22. Qxh6 Na5 23. Re3 1-0

[Event "DVM u16 2005"]
[Site "Berlin"]
[Date "2005.12.28"]
[Round "3.1"]
[White "Rosner, Jonas"]
[Black "Koch, Friedrich"]
[Result "1-0"]
[WhiteElo "1853"]
[BlackElo "1707"]
[PlyCount "75"]
[EventDate "1905.??.??"]

1. e4 e5 2. Nf3 Nc6 3. Bb5 a6 4. Bxc6 dxc6 5. O-O Bg4 6. h3 h5 7. d3 Qf6 8.
Nbd2 O-O-O 9. hxg4 hxg4 10. Nh2 Nh6 11. Nxg4 Qh4 12. Nh2 Bc5 13. Ndf3 Qh5 14.
Ng5 Qh4 15. Qf3 f5 16. Qh3 Ng4 17. Qxh4 Rxh4 18. Nhf3 Rh5 19. exf5 Rdh8 20. Nh3
Rxf5 21. Nfg5 Rhf8 22. Ne4 Bd4 23. c3 Bb6 24. Bg5 R8f7 25. Rad1 Rd7 26. Rfe1
Nxf2 27. Nhxf2 Bxf2+ 28. Nxf2 Rxg5 29. Re3 c5 30. Ne4 Rf5 31. Nxc5 Rdf7 32. Ne4
Rd7 33. Rf1 Rdf7 34. Ref3 g6 35. R1f2 Kd7 36. Kf1 b6 37. Ke2 c5 38. Rg3 1-0

[Event "DVM u16 2005"]
[Site "Berlin"]
[Date "2005.12.28"]
[Round "3.2"]
[White "Nötzel, Felix"]
[Black "Weber, Raphael"]
[Result "1-0"]
[WhiteElo "1743"]
[BlackElo "1635"]
[PlyCount "115"]
[EventDate "1905.??.??"]

1. e4 e5 2. Nf3 Nc6 3. Bb5 a6 4. Bxc6 dxc6 5. O-O Bg4 6. d3 Qf6 7. Be3 Bxf3 8.
Qxf3 Qxf3 9. gxf3 O-O-O 10. f4 exf4 11. Bxf4 Bd6 12. Bg3 Ne7 13. Nd2 Ng6 14. f4
Bc5+ 15. Kg2 Rhe8 16. Nf3 Ne7 17. Ng5 Bd4 18. Nxf7 Rd7 19. c3 Ba7 20. Ne5 Rdd8
21. d4 c5 22. d5 c6 23. c4 Bb8 24. Rae1 Bc7 25. Nd3 b6 26. b4 cxb4 27. Nxb4 Kb7
28. Nd3 Nc8 29. Ne5 Ne7 30. Bh4 cxd5 31. cxd5 Rc8 32. Bxe7 Rxe7 33. Nc6 Rd7 34.
Rd1 Re8 35. e5 b5 36. e6 Rd6 37. f5 Bb6 38. f6 gxf6 39. Rxf6 Kc8 40. Rf7 h6 41.
Ne7+ Kb8 42. Nf5 Rdd8 43. Ng7 Rg8 44. e7 Rc8 45. Kf3 Rc3+ 46. Ke2 Rc7 47. Rf8+
Rc8 48. Rxg8 Rxg8 49. e8=Q+ Rxe8+ 50. Nxe8 Kc8 51. d6 Kd7 52. Nf6+ Kd8 53. d7
Bc7 54. h3 a5 55. Ng8 h5 56. Nh6 b4 57. Nf7+ Ke7 58. d8=Q+ 1-0

[Event "DVM u16 2005"]
[Site "Berlin"]
[Date "2005.12.28"]
[Round "3.3"]
[White "Volz, Daniel"]
[Black "Melzer, Alexander"]
[Result "0-1"]
[WhiteElo "1428"]
[BlackElo "1551"]
[PlyCount "186"]
[EventDate "1905.??.??"]

1. d4 Nf6 2. c4 g6 3. Nc3 Bg7 4. Nf3 O-O 5. e4 d6 6. Bd3 c5 7. d5 Na6 8. a3 Nc7
9. O-O e6 10. Bg5 exd5 11. exd5 h6 12. Bh4 Rb8 13. a4 b6 14. Re1 a6 15. Qd2 Kh7
16. h3 Qd7 17. Reb1 Bb7 18. Bg3 b5 19. axb5 axb5 20. b3 b4 21. Ne2 Nh5 22. Ra7
Nxg3 23. Nxg3 Ne8 24. Qa2 Nf6 25. Re1 Ra8 26. Rxa8 Rxa8 27. Qc2 Ra3 28. Nf5 Bf8
29. Ne3 Bc8 30. Nh4 Kg8 31. Qd1 Qa7 32. Bb1 Ra1 33. Nc2 Ra6 34. g4 Qd7 35. Qf3
Nh7 36. Qe2 Ng5 37. Qe3 Ra7 38. f4 Nh7 39. Qe8 Nf6 40. Qxd7 Bxd7 41. Nf3 h5 42.
g5 Nh7 43. h4 Bf5 44. Re8 f6 45. Nfe1 fxg5 46. fxg5 Kf7 47. Re2 Bg7 48. Rf2 Kg8
49. Re2 Nf8 50. Rd2 Bc3 51. Rd1 Re7 52. Ng2 Re2 53. Nce3 Bxb1 54. Rxb1 Bd4 55.
Kf1 Ra2 56. Nd1 Nd7 57. Nf4 Ne5 58. Ne6 Nf3 59. Nxd4 Nxd4 60. Ne3 Nf3 61. Rd1
Nxh4 62. Rd3 Kf7 63. Nd1 Nf5 64. Rf3 Ke7 65. Ne3 Rb2 66. Nxf5+ gxf5 67. Rxf5
Rxb3 68. Kf2 Ra3 69. g6 Ra8 70. Rf7+ Ke8 71. Rf3 Ra7 72. Kg3 Rg7 73. Rf6 Ke7
74. Re6+ Kd7 75. Kh4 b3 76. Kxh5 b2 77. Re1 Rg8 78. Kh6 Rb8 79. Rb1 Ke7 80. Kh7
Kf6 81. g7 Rb7 82. Rf1+ Ke5 83. Kh8 b1=Q 84. g8=Q Qxf1 85. Qe6+ Kd4 86. Qg4+
Kc3 87. Qg3+ Kb4 88. Qxd6 Qh3+ 89. Kg8 Qg4+ 90. Kf8 Qf5+ 91. Ke8 Qh5+ 92. Kd8
Qh8+ 93. Qf8 Qxf8# 0-1

[Event "DVM u16 2005"]
[Site "Berlin"]
[Date "2005.12.28"]
[Round "3.1"]
[White "Eibl, Maximilian"]
[Black "Gadschisade, Machmud"]
[Result "1/2-1/2"]
[WhiteElo "1849"]
[BlackElo "1856"]
[PlyCount "59"]
[EventDate "1905.??.??"]

1. e4 Nf6 2. e5 Nd5 3. c4 Nb6 4. c5 Nd5 5. Nc3 e6 6. Nxd5 exd5 7. d4 d6 8. cxd6
cxd6 9. Nf3 Nc6 10. Bf4 Bg4 11. Be2 dxe5 12. dxe5 Bb4+ 13. Nd2 Bxe2 14. Qxe2
O-O 15. O-O Re8 16. Nf3 Bd6 17. Rfd1 Qa5 18. a3 d4 19. Nxd4 Nxd4 20. Rxd4 Bxe5
21. Re4 f6 22. Re1 Rad8 23. g3 Rd5 24. Bxe5 Rexe5 25. Rxe5 fxe5 26. Rd1 Qb5 27.
Qxb5 Rxb5 28. b4 a5 29. bxa5 Rxa5 30. Rb1 1/2-1/2

[Event "DVM u16 2005"]
[Site "Berlin"]
[Date "2005.12.28"]
[Round "3.2"]
[White "Wittig, Till"]
[Black "Fuhrmann, Max"]
[Result "1/2-1/2"]
[WhiteElo "1407"]
[BlackElo "1867"]
[PlyCount "82"]
[EventDate "1905.??.??"]

1. e4 c6 2. d4 d5 3. exd5 cxd5 4. Nf3 Nc6 5. c4 Nf6 6. Be3 e6 7. Nbd2 Be7 8.
Bd3 Nb4 9. Be2 dxc4 10. Bxc4 O-O 11. a3 Nbd5 12. O-O Bd7 13. Rc1 Rc8 14. h3 Nb6
15. Bd3 Bc6 16. b4 Ba4 17. Qe2 Nbd5 18. Bb5 Nc3 19. Rxc3 Bxb5 20. Rxc8 Bxe2 21.
Rxd8 Rxd8 22. Rc1 Nd5 23. Ne5 Kf8 24. Nb3 f6 25. Nc4 Rc8 26. Nc5 b6 27. Nxe6+
Kf7 28. Nd6+ Bxd6 29. Rxc8 Kxe6 30. Rg8 g6 31. Rg7 a5 32. bxa5 bxa5 33. Bc1 a4
34. Rxh7 Nc3 35. Rb7 Nb5 36. Rb6 Kd5 37. Bb2 Bd3 38. f3 Nxa3 39. Rxd6+ Kxd6 40.
Bxa3+ Kd5 41. Bc5 f5 1/2-1/2